ბათუმის შოთა რუსთაველის სახელმწიფო უნივერსიტეტის ბიბლიოთეკა

განთიადის გამნათებელ ღმერთს ველტვი, რათა უკუნი ღამის ბოროტებას განვერიდო = Sabaha aydinliyan Rabbina siğinirim karanliği çoktuğu zaman gecenin kötülüğünden (ბიბ.ჩანაწერი № 60841)

000 -ლიდერი
ფიქსირებული სიგრძის საკონტროლო ველი 01266nam a22002297a 4500
003 - საკონტროლო ნომრის იდენტიფიკატორი
საკონტროლო ველი Ge_BSU
005 - ბოლო ოპერაციის თარიღი და დრო
საკონტროლო ველი 20231106160433.0
008 - ფიქსირებული სიგრძის მონაცემთა ელემენტები - ზოგადი ინფორმაცია
ფიქსირებული სიგრძის საკონტროლო ველი 231106s2021 ge ||||| |||| 00| 0 geo d
020 ## - წიგნის საერთაშორისო სტანდარტული ნომერი
International Standard Book Number 9789941829697
041 ## - ენის კოდი
Language code of text/sound track or separate title geo
080 ## - უნივერსალური ათობითი კლასიფიკაციის ინდექსი
Universal Decimal Classification number 28 ჯ-14
100 ## - მთავარი ჩანაწერი - პიროვნების სახელი
Personal name ჯაველიძე, ელიზბარ
9 (RLIN) 17629
245 ## - ცნობა სათაურის შესახებ
Title განთიადის გამნათებელ ღმერთს ველტვი, რათა უკუნი ღამის ბოროტებას განვერიდო = Sabaha aydinliyan Rabbina siğinirim karanliği çoktuğu zaman gecenin kötülüğünden
Remainder of title ტ. 2 /
Statement of responsibility, etc ელიზბარ ჯაველიძე; რედაქტორი ნინო კვიტაშვილი.
264 ## - წარმოების, გამოცემის, დისტრიბუციის და სხვა ცნობები
გამოცემის, წარმოების, დისტრიბუციის... ადგილი თბილისი,
გამოცემის, წარმოების, დისტრიბუციის... თარიღი 2021.
300 ## - ფიზიკური აღწერა
Extent 312 გვ. ;
Other physical details 25 სმ.
490 ## - სერიის ცნობა
Series statement თურქულენოვან ხალხთა ზნეობრივ-ესთეტიკური სამყარო
500 ## - ზოგადი შენიშვნა
General note ბიბლიოგრაფია: გვ. 300-310.
653 ## - INDEX TERM--UNCONTROLLED
Uncontrolled term ისლამი.
700 ## - ADDED ENTRY--PERSONAL NAME
Personal name კვიტაშვილი, ნინო
Relator term რედაქტორი.
9 (RLIN) 20289
773 ## - HOST ITEM ENTRY
Title ნაჩუქარი
942 ## - ADDED ENTRY ELEMENTS (KOHA)
Source of classification or shelving scheme
Koha item type წიგნი
ეგზემპლარები
ჩამოწერის სტატუსი დაკარგული ეგზემპლარის სტატუსი კლასიფიკაციის წყარო ან თაროზე გაწყობის სქემა დაზიანების სტატუსი არ გაიცემა მუდმივი მდებარეობა (დაცვის ადგილი) ამჟამინდელი ადგილსამყოფელი თაროზე განთავსების ადგილი შეძენის თარიღი ღირებულება, შესყიდვის ნორმალური ფასი სრული შენახვის შიფრი შტრიხკოდი ბოლო ოპერაციის თარიღი ეგზემპლარის მიმდევრობითი ნომერი (კეტერი?) ფასის ძალაში შესვლის თარიღი ეგზემპლარის სახეობა საჯარო შენიშვნა
          ბათუმის შოთა რუსთაველის სახელმწიფო უნივერსიტეტის მთავარი ბიბლიოთეკა ბათუმის შოთა რუსთაველის სახელმწიფო უნივერსიტეტის მთავარი ბიბლიოთეკა წიგნსაცავი 2023-11-06 10.00 28 ჯ-14 66697 2023-11-06 66697 2023-11-06 წიგნი 10 ლ.